Top miesta na Slovensku neobyčajný bedeker najlepších kaviarní a bistier

Bibliographic Details
Main Author: Budinská, Simona (Author)
Other Authors: Byrne, Alena (Translator), Bobek, Ondrej (Photographer), Zajaček, Michal (Photographer), Chmelík, Ján (Photographer)
Format: Book
Language:Slovak
English
PhysicalDescription:203 strán farebné fotografie 24 cm
Published: Bratislava Fortuna Libri 2017
ISBN:9788081427336
Edition:Prvé vydanie
Subjects:

MARC

LEADER 00000cam a2200000 4500
001 vtls011737844
003 SK-MaSNL
005 20260426013102.0
008 200228s2017 xo o grf 000 0 slo
015 |a SNBA2018/04 
020 |a 9788081427336  |q (brožované) 
035 |a urn:nbn:sk:snk-am00da8i 
035 |a urn:nbn:sk:snk-am3hv9r 
035 |a C9E7B07C-BD1C-454B-97B7-D241D9566C4D 
040 |a SNK  |b slo  |c SNK  |e rda 
041 0 |a slo  |a eng 
043 |a e-xo--- 
044 |a xo  |c SK 
072 7 |a 640.4  |x Hotelierstvo. Stravovanie  |2 konspekt 
080 |a 640.442  |2 2011 
080 |a (437.6)  |2 2011 
080 |a (036)  |2 2011 
100 1 |a Budinská, Simona  |4 aut  |9 353612 
245 1 0 |a Top miesta na Slovensku  |b neobyčajný bedeker najlepších kaviarní a bistier  |c Simona Budinská 
246 1 1 |a Top places in Slovakia  |b a unique guide book of the best cafés and bistros 
250 |a Prvé vydanie 
264 1 |a Bratislava  |b Fortuna Libri  |c 2017 
300 |a 203 strán  |b farebné fotografie  |c 24 cm 
336 |a text  |b txt  |2 rdacontent 
336 |a statický obraz  |b sti  |2 rdacontent 
337 |a bez média  |b n  |2 rdamedia 
338 |a zväzok  |b nc  |2 rdacarrier 
546 |a Súbežný názov a text v angličtine 
650 0 7 |a kaviarne  |2 SNKPH  |9 29586 
650 0 7 |a Cafeterias  |2 SNKPHeng  |9 309846 
651 7 |a Slovensko  |2 SNKPHgeo  |9 14231 
651 7 |a Slovakia  |2 SNKPHeng  |9 92630 
655 7 |a sprievodcovia (publikácie)  |2 SNKPH  |9 219172 
655 7 |a Guidebooks  |2 SNKPHeng  |9 268010 
700 1 |a Byrne, Alena  |4 trl  |9 302164 
700 1 |a Bobek, Ondrej  |4 pht  |9 432971 
700 1 |a Zajaček, Michal  |4 pht  |9 441786 
700 1 |a Chmelík, Ján  |4 pht  |9 93324 
919 |a 978-80-8142-733-6 
999 |c 1114031  |d 1115961 
952 |a SNK  |b SNK  |y PREZ  |7 0  |p 17A1320428  |o snkSC 178168  |i snk2018/3834  |8 0  |0 0  |1 0  |4 0  |d 2018-02-12  |f 1  |l 0  |r 2025-09-19 00:00:00  |w 2026-02-24 
952 |a SNK  |b SNK  |y VYP  |7 0  |p 17A1320429  |o snkSC 178168 D1  |i snk2018/3836  |8 0  |0 0  |1 0  |4 0  |d 2018-02-12  |l 0  |r 2026-02-24 18:11:05  |w 2026-02-24